000 00865nas a2200277 4500
001 BR0100920
003 BR-BrBNA
005 20231205102130.0
007 ta
008 230509b bl.|||p| |||| 00| 00por d
040 _aBR-BrBNA
_bpor
_cBiblioteca Nacional de Agricultura
041 _a(Pt)
072 _aN20
100 1 _aCampana, S.
100 1 _aOliveira Filho, D.
100 1 _aSoares, A.A.
100 1 _aOliveira, R.A. de
245 1 _aRacionalizacao do uso da energia eletrica em sistemas de irrigacao por aspersao convencional e pivo central
650 _aMotor Eletrico
650 _aEnergia Eletrica
650 _aAnalise Economica
650 _aMinas Gerais
773 0 _tEngenharia na Agricultura (Brazil)
_xISSN 1414-3984
_g(Jan-Mar 2000), v. 8(1) p. 1-18
_wBR0100920
909 _a202311
_bLúcia
_c55
_dLúcia Elande
942 _2AGRIS
_n0
_cANA
999 _c165913
_d165913